Press One Quiz Stats

Quiz Updated Jan 31, 2012

Also try: Spacebar Challenge
Challenge
Share
Tweet
Score 0/200 Timer 01:00
0 Plays Today
% Correct
1
99.3%
1
99%
1
98.8%
111
97%
111
96.7%
1
96.7%
111
96.5%
11
96.4%
111
96.4%
11
96.3%
11
96.2%
11
96.1%
11
96%
11
96%
11
95.9%
1
95.8%
11
95.8%
111
95.6%
11
95.6%
11
95.5%
11
95.4%
11
95.3%
1
95.3%
11
95.2%
11
95.1%
1
95%
11
95%
111
94.8%
11
94.8%
11
94.7%
111
94.6%
11
94.5%
11
94.4%
11
94.3%
111
94.2%
11
94.1%
11
94%
11
94%
11
93.9%
11
93.8%
11
93.7%
11
93.6%
11
93.6%
1
93.6%
11
93.5%
11
93.4%
11
93.3%
11
93.1%
11
93.1%
11
93%
111
92.8%
11
92.7%
11
92.7%
11
92.6%
111
92.4%
11
92.4%
1
92.3%
11
92.3%
111
92.1%
11
92.1%
1
92%
1
91.9%
11
91.9%
11
91.8%
11
91.7%
11
91.6%
1
91.5%
% Correct
111
91.4%
111
91.2%
1
91.1%
11
91.1%
11
91%
11
90.9%
11
90.8%
11
90.7%
11
90.6%
111
90.4%
11
90.3%
111
90.2%
111
90%
11
89.9%
11
89.8%
11
89.7%
11
89.6%
1
89.4%
111
89.4%
1
89.3%
11
89.3%
1
89.2%
1
89.1%
11
88.9%
11
88.8%
11
88.7%
11
88.5%
11
88.4%
11
88.3%
11
88.1%
11
88%
11
87.9%
111
87.6%
11
87.5%
111
87.2%
111
86.9%
111
86.6%
11
86.4%
11
86.2%
11
86%
11
85.8%
111
85.5%
1
85.3%
11
85.3%
11
84.9%
11
84.7%
1
84.5%
11
84.5%
11
84.1%
11
83.8%
11
83.5%
1
83.5%
11
83.1%
11
82.8%
11
82.5%
1
82.5%
11
82%
11
81.7%
11
81.3%
1
81.3%
11
80.8%
11
80.4%
111
79.8%
11
79.4%
11
79%
111
78.2%
11
77.8%
% Correct
11
77.3%
1
77.2%
11
76.5%
11
75.9%
1
75.8%
11
75.1%
11
74.5%
111
73.6%
11
73%
11
72.4%
111
71.4%
11
70.7%
11
70%
1
69.8%
1
69.2%
11
68.5%
111
67.3%
11
66.5%
11
65.7%
111
64.4%
11
63.5%
11
62.5%
1
62.1%
11
61.1%
11
60.1%
1
59.7%
11
58.6%
11
57.6%
111
56%
11
55%
11
53.9%
111
52.3%
11
51.2%
11
50.1%
1
49.6%
11
48.4%
11
47.2%
1
46.7%
11
45.5%
11
44.4%
111
42.7%
11
41.6%
11
40.5%
111
38.8%
11
37.7%
11
36.6%
1
36.1%
11
34.9%
11
33.8%
1
33.4%
11
32.2%
11
31.2%
111
29.7%
11
28.6%
11
27.6%
111
26.1%
11
25.2%
11
24.2%
1
23.8%
11
22.8%
11
21.8%
11
21%
11
20.1%
11
19.1%
11
18.2%
1
17.8%

You're not logged in!

Compare scores with friends on all Sporcle quizzes.
Sign Up with Email
OR
Log In

You Might Also Like...

Show Comments

Extras

Top Quizzes Today


Score Distribution

Your Account Isn't Verified!

In order to create a playlist on Sporcle, you need to verify the email address you used during registration. Go to your Sporcle Settings to finish the process.